000 00471nam a2200181Ia 4500
001 21517
005 20260306172925.0
008 260306t2013||||xx |||||||||||||| ||spa||
041 _aESP
082 _a005.12
_bR63
100 _aRío Fernández, Joaquín del
_eAUT
245 0 _aLabView:
_bprogramación para sistemas de instrumentación
260 _c2013
300 _axiii, 334 páginas :
_c23 cm.
650 _aGEN
654 _aCCC
942 _cLIB
_dJUS
_fJUS
_2ddc
_n
999 _c21517
_d21517